ՀՀ Գիտությունների ազգային ակադեմիայի հիմնարար գիտական գրադարան  =   Fundamental Scientific Library of NAS RA

21st century = (Record no. 213651)

MARC details
000 -LEADER
fixed length control field 01882cas a2200433 a 4500
001 - CONTROL NUMBER
control field 000553327
003 - CONTROL NUMBER IDENTIFIER
control field AM-YeHGA
005 - DATE AND TIME OF LATEST TRANSACTION
control field 20250617140117.0
008 - FIXED-LENGTH DATA ELEMENTS--GENERAL INFORMATION
fixed length control field 070807c20039999ai fr p 0 0engo
022 ## - INTERNATIONAL STANDARD SERIAL NUMBER
International Standard Serial Number 1829-1104
040 ## - CATALOGING SOURCE
Original cataloging agency AM-YeHGA
041 0# - LANGUAGE CODE
Language code of text/sound track or separate title eng
041 0# - LANGUAGE CODE
Language code of text/sound track or separate title arm
041 0# - LANGUAGE CODE
Language code of text/sound track or separate title rus
090 ## - LOCALLY ASSIGNED LC-TYPE CALL NUMBER (OCLC); LOCAL CALL NUMBER (RLIN)
-- 215166
245 00 - TITLE STATEMENT
Title 21st century =
Remainder of title 21-i vek = Нораванк = 21-րդ դար /
Statement of responsibility, etc. "Noravank" gitakrtakan himnadram.
246 31 - VARYING FORM OF TITLE
Title proper/short title 21st century
246 31 - VARYING FORM OF TITLE
Title proper/short title Dvadtsat pervyi vek
246 31 - VARYING FORM OF TITLE
Title proper/short title 21-րդ դար : «Նորավանք» գիտակրթական հիմնադրամի հանդես
246 31 - VARYING FORM OF TITLE
Title proper/short title Нораванк
260 ## - PUBLICATION, DISTRIBUTION, ETC.
Place of publication, distribution, etc. Republik of Armenia, Yerevan :
Name of publisher, distributor, etc. "Noravank".,
Date of publication, distribution, etc. 2003-.
270 ## - ADDRESS
Address Garegin Nzhde St. 23/1
City Armenia
Telephone number (374 10) 44 38 46
Fax number (374 10) 44 38 46
Electronic mail address 21dar@noravank.am
300 ## - PHYSICAL DESCRIPTION
Extent v. ;
Dimensions 25 x 18 cm.
310 ## - CURRENT PUBLICATION FREQUENCY
Current publication frequency Semiannual
500 ## - GENERAL NOTE
General note Zhurnal fonda "Noravank'" = "Journal of 'Noravank' foundation."
500 ## - GENERAL NOTE
General note 21-րդ դար: «Նորավանք» գիտակրթական հիմնադրամի հանդես- 2003-
500 ## - GENERAL NOTE
General note Հրատարակությունների համար պատասխանատու է Հիմնադրամի «Հրատարակչական կենտրոնը» (ղեկավար` Լուսինե Բաղրամյան)
500 ## - GENERAL NOTE
General note Description based on: 2006, no. 1 (Iiul 2006).
500 ## - GENERAL NOTE
General note Latest issue consulted: 2007, no. 1 (Mart 2007).
546 ## - LANGUAGE NOTE
Language note На армянском, русском и английском языках
650 04 - SUBJECT ADDED ENTRY--TOPICAL TERM
Topical term or geographic name entry element Ամսագիր
650 #0 - SUBJECT ADDED ENTRY--TOPICAL TERM
Topical term or geographic name entry element International relations
Form subdivision Periodicals.
651 #0 - SUBJECT ADDED ENTRY--GEOGRAPHIC NAME
Geographic name Armenia (Republic)
General subdivision Foreign relations
Form subdivision Periodicals.
651 #0 - SUBJECT ADDED ENTRY--GEOGRAPHIC NAME
Geographic name Armenia (Republic)
General subdivision Politics and government
Form subdivision Periodicals.
710 2# - ADDED ENTRY--CORPORATE NAME
Corporate name or jurisdiction name as entry element "Noravank" gitakrtakan himnadram.
856 4# - ELECTRONIC LOCATION AND ACCESS
Host name www.armrosgasprom.am
856 41 - ELECTRONIC LOCATION AND ACCESS
Host name www.armrosgasprom.am
942 ## - ADDED ENTRY ELEMENTS (KOHA)
Source of classification or shelving scheme Universal Decimal Classification
Koha item type Շարունակական պաշար / Continuing Resource
Holdings
Withdrawn status Lost status Damaged status Not for loan Collection Home library Current library Date acquired Cost, normal purchase price Serial enumeration / chronology Inventory number Total checkouts Full call number Barcode Date last seen Price effective from Koha item type Public note Source of classification or shelving scheme
        General Fundamental Scientific Library Fundamental Scientific Library 28/12/2016 1000.00 2011, No. 2 (10) ИЖ 3888   ИЖ 3888 553361-100 28/12/2016 28/12/2016 Շարունակական պաշար / Continuing Resource Two weeks Loan  
        General Fundamental Scientific Library Fundamental Scientific Library 28/12/2016 1000.00 2012, No. 1 (11) ИЖ 3888   ИЖ 3888 553361-110 28/12/2016 28/12/2016 Շարունակական պաշար / Continuing Resource Two weeks Loan  
        General Fundamental Scientific Library Fundamental Scientific Library 28/12/2016 1000.00 2012, No. 2 (12) ИЖ 3888   ИЖ 3888 553361-140 28/12/2016 28/12/2016 Շարունակական պաշար / Continuing Resource Two weeks Loan  
        General Fundamental Scientific Library Fundamental Scientific Library 28/12/2016 1000.00 2013, No. 1 (13) ИЖ 3888   ИЖ 3888 553361-150 28/12/2016 28/12/2016 Շարունակական պաշար / Continuing Resource Two weeks Loan  
        General Fundamental Scientific Library Fundamental Scientific Library 28/12/2016 1000.00 2007, № 1 ИЖ 3888   ИЖ 3888 553361-20 28/12/2016 28/12/2016 Շարունակական պաշար / Continuing Resource Two weeks Loan  
        General Fundamental Scientific Library Fundamental Scientific Library 28/12/2016 1000.00 2007, № 2 ИЖ 3888   ИЖ 3888 553361-30 28/12/2016 28/12/2016 Շարունակական պաշար / Continuing Resource Two weeks Loan  
        General Fundamental Scientific Library Fundamental Scientific Library 28/12/2016 3000.00 2013, No. 2 (14) ИЖ 3888   ИЖ 3888 553361-340 28/12/2016 28/12/2016 Շարունակական պաշար / Continuing Resource Two weeks Loan  
        General Fundamental Scientific Library Fundamental Scientific Library 28/12/2016 1000.00 2014, No. 1 (15) ИЖ 3888   ИЖ 3888 553361-370 28/12/2016 28/12/2016 Շարունակական պաշար / Continuing Resource Two weeks Loan  
        General Fundamental Scientific Library Fundamental Scientific Library 28/12/2016 1000.00 2008, № 1 (3) ИЖ 3888   ИЖ 3888 553361-40 28/12/2016 28/12/2016 Շարունակական պաշար / Continuing Resource Two weeks Loan  
        General Fundamental Scientific Library Fundamental Scientific Library 28/12/2016 1000.00 2014, No. 2 (16) ИЖ 3888   ИЖ 3888 553361-400 28/12/2016 28/12/2016 Շարունակական պաշար / Continuing Resource Two weeks Loan  
        General Fundamental Scientific Library Fundamental Scientific Library 28/12/2016 1000.00 2015, No. 1 (17) ИЖ 3888   ИЖ 3888 553361-440 28/12/2016 28/12/2016 Շարունակական պաշար / Continuing Resource Two weeks Loan  
        General Fundamental Scientific Library Fundamental Scientific Library 28/12/2016 1000.00 2015, No. 2 (18) ИЖ 3888   ИЖ 3888 553361-470 28/12/2016 28/12/2016 Շարունակական պաշար / Continuing Resource Two weeks Loan  
        General Fundamental Scientific Library Fundamental Scientific Library 28/12/2016 1000.00 2008, № 2 (4) ИЖ 3888   ИЖ 3888 553361-50 28/12/2016 28/12/2016 Շարունակական պաշար / Continuing Resource Two weeks Loan  
        General Fundamental Scientific Library Fundamental Scientific Library 28/12/2016 1000.00 2009, No. 2 (6) ИЖ 3888   ИЖ 3888 553361-60 28/12/2016 28/12/2016 Շարունակական պաշար / Continuing Resource Two weeks Loan  
        General Fundamental Scientific Library Fundamental Scientific Library 28/12/2016 1000.00 2010, No. 1 (7) ИЖ 3888   ИЖ 3888 553361-70 28/12/2016 28/12/2016 Շարունակական պաշար / Continuing Resource Two weeks Loan  
        General Fundamental Scientific Library Fundamental Scientific Library 28/12/2016 1000.00 2010, No. 2 (8) ИЖ 3888   ИЖ 3888 553361-80 28/12/2016 28/12/2016 Շարունակական պաշար / Continuing Resource Two weeks Loan  
        General Fundamental Scientific Library Fundamental Scientific Library 28/12/2016 1000.00 2010, No. 1 (7) ИЖ 3888   ИЖ 3888 553361-90 28/12/2016 28/12/2016 Շարունակական պաշար / Continuing Resource Two weeks Loan  
        General Fundamental Scientific Library Fundamental Scientific Library 23/01/2018 1000.00 2017, N. 1(20) ИЖ 3888   ИЖ 3888 FL0459508 23/01/2018 23/01/2018 Շարունակական պաշար / Continuing Resource Two Hour Loan Universal Decimal Classification
        General Fundamental Scientific Library Fundamental Scientific Library 07/03/2017 1000.00 2016, N. 1(19), December ИЖ 3888   ИЖ 3888 FL0442931 07/03/2017 07/03/2017 Շարունակական պաշար / Continuing Resource Two Hour Loan Universal Decimal Classification


ՀՀ ԳԱԱ հիմնարար գիտական գրադարան
ՀՀ,Երևան 0019
Մարշալ Բաղրամյան 24/6
հեռախոս:(374-10) 52-47-50
Հետադարձ կապ

All site content, except where otherwise noted, is licensed under a
Creative Commons License